| 000 | 00575nam a2200205Ia 4500 | ||
|---|---|---|---|
| 005 | 20250326143819.0 | ||
| 008 | 250326s9999 xx 000 0 und d | ||
| 020 | _a9812-53-058-4 | ||
| 037 | _aTextbook | ||
| 040 |
_aFMSL _beng _cFMSL |
||
| 041 |
_aeng _2eng |
||
| 084 |
_aB281 P2 _qFMSL |
||
| 100 | _aMontgomery Douglas C. | ||
| 245 | 0 |
_aApplied statistics and probability for engineers _cMontgomery Douglas C. |
|
| 250 | _a3 | ||
| 260 |
_aNoida _bNoida, John Wiley & Sons _c2004 |
||
| 300 | _a708p | ||
| 942 |
_cTB _hB281 P2 |
||
| 999 |
_c1301160 _d1301160 |
||